banner-ar

حروب مصر فى الوثائق الاسرائيلية / (Record no. 61108)

MARC details
000 -الفاتح
حقل البيانات ثابتة الطول 01179nam a22002777a 4500
005 - وقت وتاريخ اخر تعامل مع التسجيلة
رقم الضبط 20240530110444.0
008 - عناصر البيانات ثابتة الطول - معلومات عامة
حقل البيانات ثابتة الطول 150426s2011 ua bjo f 000 0dara d
017 ## - رقم الايداع القانونى
رقم الايداع القانونى 2011/4928
المصدر ( الهيئة المختصة) مصر . دار الكتب المصرية
020 ## - الرقم الدولى المعيارى للكتب
الرقم الدولى المعيارى للكتاب 9789774218071
040 ## - مصدر الفهرسة
وكالة الفهرسة الأصلية EG-CaGPL
082 04 - رقم تصنيف ديوى العشرى
رقم الطبعة 21
رقم التصنيف 956.04
رقم المادة ق/م ح
100 0# - المدخل الرئيسى - إسم شخصى
الإسم الشخصى محمد البحيرى
245 10 - بيان العنوان
العنوان حروب مصر فى الوثائق الاسرائيلية /
بيان المسئوليه,etc تاليف محمد البحيرى ؛ تقديم حسن عيسى
260 ## - PUBLICATION, DISTRIBUTION, ETC. (IMPRINT)
تاريخ النشر أو التوزيع 2011 .
300 ## - الوصف المادى
التعداد 294 ص :
تفاصيل ماديه اخرى للوعاء ايض ؛
أبعاد الوعاء 24 سم +
المادة المصاحبة ملاحق
650 04 - المدخل الاضافى بالموضوع-مصطلح موضوعى
مصطلح موضوعي الحروب العربية الاسرائيلية
650 04 - المدخل الاضافى بالموضوع-مصطلح موضوعى
مصطلح موضوعي الحروب العربية الاسرائيلية
التقسيم الفرعي الجغرافي فلسطين
650 04 - المدخل الاضافى بالموضوع-مصطلح موضوعى
مصطلح موضوعي الحروب العربية الاسرائيلية
التقسيم الفرعي الجغرافي مصر
650 04 - المدخل الاضافى بالموضوع-مصطلح موضوعى
مصطلح موضوعي حرب اكتوبر 1973
التقسيم الفرعي الجغرافي مصر
650 04 - المدخل الاضافى بالموضوع-مصطلح موضوعى
مصطلح موضوعي حرب يونيو 1967
التقسيم الفرعي الجغرافي مصر
650 04 - المدخل الاضافى بالموضوع-مصطلح موضوعى
مصطلح موضوعي العدوان الثلاثى 1956
650 04 - المدخل الاضافى بالموضوع-مصطلح موضوعى
مصطلح موضوعي حرب فلسطين 1948
التقسيم الفرعي الجغرافي مصر
700 0# - المدخل الاضافى - اسم شخصى
الإسم الشخصى حسن عيسى
الدور مقدم
942 ## - عناصر المدخل الإضافي( كوها)
مصدر التصنيف او مخطط الترفيف Dewey Decimal Classification
Koha [default] item type كتاب
260 ## - PUBLICATION, DISTRIBUTION, ETC. (IMPRINT)
-- القاهرة :
-- الهيئة المصرية العامة للكتاب ،
Holdings
حالة التراجع حالة الفقد حالة تلف ليس للاعارة المكان المؤقت الموقع الحالى تاريخ الاكتساب اجمالي اﻻعارات رقم الطلب الباركود تاريخ اخر مشاهدة تاريخ تفعيل السعر نوع وعاء كوها
        مكتبة القاهرة الكبرى مكتبة القاهرة الكبرى 04/26/2015   956.04 ق/م ح 160331 04/26/2015 04/26/2015 كتاب

Powered By

EGPV